Malaysian management practices : An empirical study

Bibliographic Details
Main Author: Arif Hassan
Other Authors: Khaliq Ahmad
Format: Book
Published: Kuala Lumpur : Leeds Publications , 2001
Subjects:

MARC

LEADER 00000cam a2200000 7i4500
001 0000015337
005 20050803.0
020 |a 9839839942 
040 |a INS 
090 0 0 |a HD31   |b A696 2001 
100 1 |a Arif Hassan 
245 0 0 |a Malaysian management practices :   |b An empirical study   |c Arif Hassan 
260 |a Kuala Lumpur :   |b Leeds Publications ,   |c 2001 
300 |a xix :   |b 128p. ;   |c 19cm. 
650 0 0 |a Industrial management   |z Malaysia 
650 0 0 |a Industrial organization   |z Malaysia 
650 0 0 |a Management 
700 0 |a Khaliq Ahmad 
999 |a 0000015172   |b BOOK   |c Open Shelf   |e Default branch 
999 |a 0000015173   |b BOOK   |c Open Shelf   |e Default branch 
999 |a 0000023836   |b BOOK   |c Open Shelf   |e Default branch